| 000 | 00354cam a22001097a 4500 | ||
|---|---|---|---|
| 008 | 180718b1948 xxu||||| |||| 00| 0 eng d | ||
| 082 | _aB703x5413 B489/1947 | ||
| 100 | _aBihar. Legislative Department | ||
| 245 | _aThe Bihar local self-government and cess (amendment) act, 1947 [Bihar act XXI of 1947] | ||
| 260 |
_aPatna _bThe author _c1948 |
||
| 300 | _a3p. | ||
| 999 |
_c488282 _d488282 |
||